Human-computer interaction (Record no. 2669)
[ view plain ]
| 000 -LEADER | |
|---|---|
| fixed length control field | 00436nam a22001457a 4500 |
| 020 ## - INTERNATIONAL STANDARD BOOK NUMBER | |
| International Standard Book Number | 9781844804542 |
| 050 ## - LIBRARY OF CONGRESS CALL NUMBER | |
| Classification number | QA76.9 |
| Item number | .H85 2006 |
| 100 ## - MAIN ENTRY--PERSONAL NAME | |
| Personal name | Smith-Atakan, Serengul |
| 245 ## - TITLE STATEMENT | |
| Title | Human-computer interaction |
| Statement of responsibility, etc. | Serengul Smith-Atakan |
| 260 ## - PUBLICATION, DISTRIBUTION, ETC. (IMPRINT) | |
| Place of publication, distribution, etc. | Australia ; London : |
| Name of publisher, distributor, etc. | Thomson, |
| Date of publication, distribution, etc. | 2006. |
| 300 ## - PHYSICAL DESCRIPTION | |
| Extent | xiv, 204p.: |
| 500 ## - GENERAL NOTE | |
| General note | Includes table of contents, appendices and index. |
| 650 ## - SUBJECT ADDED ENTRY--TOPICAL TERM | |
| Form subdivision | Human-computer interaction. |
| 942 ## - ADDED ENTRY ELEMENTS (KOHA) | |
| Koha item type | General circulation |
| Withdrawn status | Lost status | Source of classification or shelving scheme | Damaged status | Not for loan | Home library | Current library | Date acquired | Cost, normal purchase price | Total Checkouts | Total Renewals | Full call number | Barcode | Date last seen | Date last checked out | Copy number | Cost, replacement price | Koha item type | Public note | Price effective from | Shelving location | Source of acquisition |
|---|---|---|---|---|---|---|---|---|---|---|---|---|---|---|---|---|---|---|---|---|---|
| Library of Congress Classification | Kitui Town Campus Library | Kitui Town Campus Library | 03/06/2015 | 4350.00 | QA 76.9 .H85 | 2025/029106 | 03/06/2015 | 4700.00 | General circulation | dm | General Stacks | Donation - Books For Africa | |||||||||
| Library of Congress Classification | Main Campus Library | Main Campus Library | 02/09/2014 | 4350.00 | 4 | 1 | QA76.9 .H85 2006 | 008388 | 01/10/2015 | 22/09/2015 | C1 | 4700.00 | General circulation | CM | |||||||
| Library of Congress Classification | Main Campus Library | Main Campus Library | 02/09/2014 | 4350.00 | 2 | QA76.9 .H85 2006 | 2019/022272 | 10/11/2015 | 30/10/2015 | C2 | 4700.00 | General circulation | CM | 02/09/2014 | |||||||
| Library of Congress Classification | Wote Campus Library | Wote Campus Library | 19/03/2015 | 4350.00 | QA76.9 .H85 2006 | 2024/027823 | 19/03/2015 | 4700.00 | General circulation | 19/03/2015 | General Stacks | ||||||||||
| Library of Congress Classification | Wote Campus Library | Wote Campus Library | 21/06/2016 | QA 76.9 .H85 2006 | 2024/027819 | 21/06/2016 | General circulation | General Stacks |